De 3e en 4e eeuw - Statistieken

Algemene statistieken
  • Deze quiz is 19 keer genomen
  • De gemiddelde score is 10 van 20
Antwoordstatistieken
Jaar Beschrijving Antwoord % Correct
391 Deze religie wordt de staatsgodsdienst van het Romeinse Rijk Christendom
100%
393 Deze competitie wordt verboden, in 1896 wordt ze opnieuw georganiseerd in Athene Olympische Spelen
100%
286 Deze stad, in Noord-Italië, wordt de nieuwe hoofdstad van het West Romeinse Rijk Milaan
80%
283 De Romeinen veroveren zonder veel geweld de hoofdstad van Perzië die aan deze rivier ligt Tigris
80%
330 Deze stad wordt de nieuwe hoofdstad van het Romeinse Rijk Constantinopel
73%
394 Het laatst bekende voorkomen van dit soort Egyptische symbolen Hiërogliefen
67%
367 Deze Romeinse muur in Engeland wordt bestookt en Noord-Engeland wordt bezet door stammen uit Schotland Muur van {Hadrianus}
67%
301 De oudste nog bestaande republiek wordt opgericht op Monto Titano in Italië San Marino
67%
391 De beroemde en immense bibliotheek van deze stad wordt verwoest Alexandrië
53%
c. 370 Deze steppemensen vallen Europa binnen Hunnen
53%
c. 250 Deze Midden-Amerikaanse beschaving ontwikkeld zich Maya
53%
262 Goten beschadigen (en later vernielen) dit Oude Wereldwonder (vernoemd naar een Griekse godin) Tempel van {Artemis}
47%
c. 320 De Gupta-dynastie komt aan de macht in dit land India
40%
325 Dit onderdeel van het Christelijk Geloof wordt aangenomen in het Concilie van Nicea De geloofs{belijdenis} van Nicene
27%
220 Deze dynastie komt ten val in China Han
27%
397–400 Deze filosoof en theoloog schrijft zijn "Bekentenissen" Sint {Augustinus}
20%
235–284 Het Romeinse Rijk gaat door deze chaotische periode {Crisis} van de 3e Eeuw
13%
220–280 Deze periode in Chinese geschiedenis doet zich voor De Drie {Koninkrijk}en
13%
284–305 Deze Romeinse Keizer brengt rust en vrede in het Romeinse Rijk, maar maakt het ook bureaucratischer Diocles
0%
274 or 277 Deze profeet sterft in Iran, hij creëerde een godsdienst waarin de wereld een eeuwig voortdurend gevecht is tussen goed en kwaad Mani
0%
Geen overeenkomende quizzen gevonden
Scoreverdeling
Procent van Mensen met Elke Score
Percentiel versus Aantal Correcte Antwoorden
Uw Scoregeschiedenis
U heeft deze quiz nog niet genomen